The dicts and sayings of the philosophers / (Record no. 19921)
[ view plain ]
| 000 -LEADER | |
|---|---|
| fixed length control field | 01170cam a2200301u 4500 |
| 001 - CONTROL NUMBER | |
| control field | 19921 |
| 003 - CONTROL NUMBER IDENTIFIER | |
| rucl marc code | BD-RjUL |
| 005 - DATE AND TIME OF LATEST TRANSACTION | |
| control field | 20211209000510.0 |
| 008 - FIXED-LENGTH DATA ELEMENTS--GENERAL INFORMATION | |
| fixed length control field | 140226s1941 enkh 001 0 eng |
| 035 ## - SYSTEM CONTROL NUMBER | |
| System control number | (BD-RjUL)19982 |
| 040 ## - CATALOGING SOURCE | |
| Original cataloging agency | DLC |
| Transcribing agency | CarP |
| Modifying agency | DLC |
| -- | BD-RjUL |
| Language of cataloging | eng |
| 041 ## - LANGUAGE CODE | |
| Language code of text/sound track or separate title | eng |
| 082 ## - DEWEY DECIMAL CLASSIFICATION NUMBER | |
| Classification number | 82938 |
| Author mark and year | DIC |
| 100 1# - MAIN ENTRY--PERSONAL NAME | |
| Personal name | Mubashshir ibn Fātik, Abū al-Wafāʼ, |
| Dates associated with a name | active 11th century. |
| 9 (RLIN) | 61230 |
| 245 14 - TITLE STATEMENT | |
| Title | The dicts and sayings of the philosophers / |
| Statement of responsibility, etc. | Edited by Curt F. Buhler |
| 260 ## - PUBLICATION, DISTRIBUTION, ETC. (IMPRINT) | |
| Place of publication, distribution, etc. | London : |
| Name of publisher, distributor, etc. | Published for the Early English text society by H. Milford, Oxford university press, |
| Date of publication, distribution, etc. | 1941. |
| 300 ## - PHYSICAL DESCRIPTION | |
| Pagination | 3 p.l., [v]-lxviii, 408 p. : |
| Illustrations | front. (facsim.) ; |
| Size | 23 cm. |
| 504 ## - BIBLIOGRAPHY, ETC. NOTE | |
| Bibliography, etc | Includes index. |
| 650 #0 - SUBJECT ADDED ENTRY--TOPICAL TERM | |
| Topical term or geographic name as entry element | Philosophers, Ancient. |
| 9 (RLIN) | 61231 |
| 700 1# - ADDED ENTRY--PERSONAL NAME | |
| Personal name | Tignonville, Guillaume de, |
| Dates associated with a name | -1414. [from old catalog] |
| Personal name | Scrope, Stephen, |
| Dates associated with a name | -1472, [from old catalog] |
| Relator term | tr. |
| Personal name | Worcester, William, |
| Dates associated with a name | 1415-1482, |
| Relator term | tr. |
| Personal name | Bühler, Curt F. |
| Fuller form of name | (Curt Ferdinand), |
| Dates associated with a name | 1905-1985, |
| Relator term | ed. |
| 942 ## - ADDED ENTRY ELEMENTS (KOHA) | |
| Source of classification or shelving scheme | Dewey Decimal Classification |
| Koha item type | Books |
| Lost status | Source of classification or shelving scheme | Damaged status | Not for loan | Collection code | Permanent Location | Current Location | Shelving location | Date acquired | Source of acquisition | Cost, normal purchase price | Total Checkouts | Full call number | Date last seen | Copy number | Koha item type |
|---|---|---|---|---|---|---|---|---|---|---|---|---|---|---|---|
| Dewey Decimal Classification | Not For Loan | Fiction | Central Library, University of Rajshahi | Central Library, University of Rajshahi | Reading Room | 06/11/1956 | Black well | 10.00 | 829.8 DIC 1941 | 26/02/2014 | C-1 | Books |